Top XIs: Schalke 04 (1974-2023) - Statistics

General Stats
  • This quiz has been taken 214 times
    186 since last reset
  • The average score is 110 of 500
Answer Stats
Hint Position Answer % Correct
2010/2011 ST Klaas Jan Huntelaar
81%
2011/2012 ST Klaas Jan Huntelaar
81%
2012/2013 ST Klaas Jan Huntelaar
81%
2014/2015 ST Klaas Jan Huntelaar
81%
2015/2016 ST Klaas Jan Huntelaar
81%
2010/2011 ST Raúl
75%
2011/2012 ST Raúl
75%
2011/2012 MF Julian Draxler
65%
2012/2013 MF Julian Draxler
65%
2013/2014 MF Julian Draxler
65%
2008/2009 DF Benedikt Höwedes
62%
2009/2010 DF Benedikt Höwedes
62%
2010/2011 DF Benedikt Höwedes
62%
2011/2012 DF Benedikt Höwedes
62%
2012/2013 DF Benedikt Höwedes
62%
2014/2015 DF Benedikt Höwedes
62%
2016/2017 DF Benedikt Höwedes
62%
2015/2016 MF Leon Goretzka
61%
2016/2017 MF Leon Goretzka
61%
2017/2018 MF Leon Goretzka
61%
2015/2016 MF Leroy Sané
61%
2018/2019 DF Salif Sané
61%
2020/2021 (1) DF Salif Sané
61%
2013/2014 MF Max Meyer
58%
2014/2015 MF Max Meyer
58%
2015/2016 MF Max Meyer
58%
2016/2017 MF Max Meyer
58%
2008/2009 ST Jefferson Farfán
57%
2009/2010 ST Jefferson Farfán
57%
2010/2011 MF Jefferson Farfán
57%
2012/2013 MF Jefferson Farfán
57%
2013/2014 MF Jefferson Farfán
57%
2021/2022 ST Simon Terodde
54%
2022/2023 ST Simon Terodde
54%
1974/1975 ST Klaus Fischer
51%
1975/1976 ST Klaus Fischer
51%
1976/1977 ST Klaus Fischer
51%
1977/1978 ST Klaus Fischer
51%
1978/1979 ST Klaus Fischer
51%
1979/1980 ST Klaus Fischer
51%
1980/1981 ST Klaus Fischer
51%
2021/2022 ST Marius Bülter
49%
2022/2023 ST Marius Bülter
49%
1999/2000 ST Ebbe Sand
48%
2000/2001 ST Ebbe Sand
48%
2001/2002 ST Ebbe Sand
48%
2002/2003 ST Ebbe Sand
48%
2003/2004 ST Ebbe Sand
48%
2004/2005 ST Ebbe Sand
48%
2016/2017 DF Naldo
48%
2017/2018 DF Naldo
48%
2016/2017 ST Guido Burgstaller
46%
2017/2018 ST Guido Burgstaller
46%
2018/2019 ST Guido Burgstaller
46%
2017/2018 MF Amine Harit
43%
2019/2020 ST Amine Harit
43%
2020/2021 (1) MF Amine Harit
43%
2020/2021 (2) MF Amine Harit
43%
1999/2000 ST Gerald Asamoah
43%
2000/2001 ST Gerald Asamoah
43%
2001/2002 ST Gerald Asamoah
43%
2002/2003 ST Gerald Asamoah
43%
2003/2004 ST Gerald Asamoah
43%
2004/2005 ST Gerald Asamoah
43%
2007/2008 ST Gerald Asamoah
43%
2005/2006 ST Kevin Kurányi
43%
2006/2007 ST Kevin Kurányi
43%
2007/2008 ST Kevin Kurányi
43%
2008/2009 ST Kevin Kurányi
43%
2009/2010 ST Kevin Kurányi
43%
2021/2022 MF Rodrigo Zalazar
43%
2022/2023 MF Rodrigo Zalazar
43%
2010/2011 DF Joel Matip
42%
2011/2012 DF Joel Matip
42%
2012/2013 DF Joel Matip
42%
2013/2014 DF Joel Matip
42%
2014/2015 DF Joel Matip
42%
2015/2016 DF Joel Matip
42%
2013/2014 DF Sead Kolašinac
42%
2015/2016 DF Sead Kolašinac
42%
2016/2017 DF Sead Kolašinac
42%
2020/2021 (2) DF Sead Kolašinac
42%
2021/2022 DF Thomas Ouwejan
42%
2022/2023 DF Thomas Ouwejan
42%
2010/2011 DF Atsuto Uchida
41%
2012/2013 DF Atsuto Uchida
41%
2013/2014 DF Atsuto Uchida
41%
2014/2015 DF Atsuto Uchida
41%
2011/2012 DF Christian Fuchs
41%
2012/2013 DF Christian Fuchs
41%
2014/2015 DF Christian Fuchs
41%
2016/2017 DF Matija Nastasić
41%
2017/2018 DF Matija Nastasić
41%
2018/2019 DF Matija Nastasić
41%
2019/2020 DF Matija Nastasić
41%
2020/2021 (1) DF Matija Nastasić
41%
1988/1989 MF Andreas Müller
39%
1992/1993 MF Andreas Müller
39%
1993/1994 MF Andreas Müller
39%
1995/1996 MF Andreas Müller
39%
1998/1999 MF Andreas Müller
39%
1983/1984 MF Olaf Thon
39%
1984/1985 MF Olaf Thon
39%
1985/1986 MF Olaf Thon
39%
1986/1987 MF Olaf Thon
39%
1987/1988 MF Olaf Thon
39%
1994/1995 DF Olaf Thon
39%
1995/1996 DF Olaf Thon
39%
1996/1997 DF Olaf Thon
39%
1997/1998 DF Olaf Thon
39%
1999/2000 DF Olaf Thon
39%
2012/2013 MF Roman Neustädter
39%
2013/2014 MF Roman Neustädter
39%
2014/2015 MF Roman Neustädter
39%
2015/2016 DF Roman Neustädter
39%
2018/2019 ST Breel Embolo
38%
2016/2017 MF Benjamin Stambouli
36%
2017/2018 MF Benjamin Stambouli
36%
2018/2019 MF Benjamin Stambouli
36%
2020/2021 (1) MF Benjamin Stambouli
36%
2020/2021 (2) MF Benjamin Stambouli
36%
2007/2008 MF Ivan Rakitić
36%
2008/2009 MF Ivan Rakitić
36%
2009/2010 MF Ivan Rakitić
36%
2018/2019 MF Suat Serdar
36%
2019/2020 MF Suat Serdar
36%
2020/2021 (1) MF Suat Serdar
36%
2020/2021 (2) MF Suat Serdar
36%
2000/2001 MF Andreas Möller
35%
2001/2002 MF Andreas Möller
35%
2017/2018 MF Daniel Caligiuri
35%
2018/2019 MF Daniel Caligiuri
35%
2019/2020 MF Daniel Caligiuri
35%
2007/2008 MF Jermaine Jones
35%
2008/2009 MF Jermaine Jones
35%
2011/2012 MF Jermaine Jones
35%
2012/2013 MF Jermaine Jones
35%
2004/2005 DF Marcelo Bordon
35%
2005/2006 DF Marcelo Bordon
35%
2006/2007 DF Marcelo Bordon
35%
2007/2008 DF Marcelo Bordon
35%
2008/2009 DF Marcelo Bordon
35%
2009/2010 DF Marcelo Bordon
35%
1992/1993 MF Mike Büskens
35%
1993/1994 MF Mike Büskens
35%
1994/1995 MF Mike Büskens
35%
1996/1997 MF Mike Büskens
35%
1997/1998 MF Mike Büskens
35%
1998/1999 MF Mike Büskens
35%
2021/2022 DF Marcin Kamiński
33%
1996/1997 MF Marc Wilmots
33%
1997/1998 MF Marc Wilmots
33%
1999/2000 MF Marc Wilmots
33%
2001/2002 MF Marc Wilmots
33%
2022/2023 DF Maya Yoshida
33%
2016/2017 MF Nabil Bentaleb
33%
2018/2019 MF Nabil Bentaleb
33%
2022/2023 MF Tom Krauß
33%
2021/2022 MF Dominick Drexler
32%
1979/1980 MF Manfred Drexler
32%
1980/1981 MF Manfred Drexler
32%
1981/1982 MF Manfred Drexler
32%
1982/1983 MF Manfred Drexler
32%
1983/1984 MF Manfred Drexler
32%
2005/2006 DF Rafinha
32%
2006/2007 DF Rafinha
32%
2007/2008 DF Rafinha
32%
2008/2009 DF Rafinha
32%
2009/2010 DF Rafinha
32%
2022/2023 MF Alex Kral
30%
2022/2023 DF Cédric Brunner
30%
1979/1980 DF Klaus Fichtel
30%
2010/2011 MF José Manuel Jurado
30%
2013/2014 MF Kevin-Prince Boateng
30%
1974/1975 DF Klaus Fichtel
30%
1975/1976 DF Klaus Fichtel
30%
1976/1977 DF Klaus Fichtel
30%
1977/1978 DF Klaus Fichtel
30%
1978/1979 DF Klaus Fichtel
30%
2020/2021 (2) ST Matthew Hoppe
30%
2017/2018 DF Bastian Oczipka
29%
2018/2019 DF Bastian Oczipka
29%
2019/2020 DF Bastian Oczipka
29%
2020/2021 (1) DF Bastian Oczipka
29%
2000/2001 ST Émile Mpenza
29%
2021/2022 DF Ko Itakura
29%
2020/2021 (2) DF Malick Thiaw
28%
2021/2022 DF Malick Thiaw
28%
2011/2012 MF Marco Höger
28%
2014/2015 MF Marco Höger
28%
2010/2011 DF Christoph Metzelder
26%
2006/2007 ST Halil Altıntop
26%
2007/2008 ST Halil Altıntop
26%
2008/2009 ST Halil Altıntop
26%
2003/2004 MF Hamit Altintop
26%
1995/1996 ST Martin Max
26%
1996/1997 ST Martin Max
26%
1998/1999 ST Martin Max
26%
2017/2018 DF Thilo Kehrer
26%
2018/2019 MF Weston McKennie
26%
2019/2020 MF Weston McKennie
26%
2002/2003 DF Darío Rodríguez
25%
2003/2004 DF Darío Rodríguez
25%
2005/2006 MF Darío Rodríguez
25%
2006/2007 DF Darío Rodríguez
25%
2020/2021 (1) ST Mark Uth
25%
2020/2021 (2) ST Mark Uth
25%
2014/2015 ST Eric Choupo-Moting
23%
2015/2016 ST Eric Choupo-Moting
23%
2016/2017 ST Eric Choupo-Moting
23%
2000/2001 MF Jörg Böhme
23%
2001/2002 MF Jörg Böhme
23%
2002/2003 MF Jörg Böhme
23%
2013/2014 ST Ádám Szalai
22%
2002/2003 MF Christian Poulsen
22%
2003/2004 MF Christian Poulsen
22%
2004/2005 MF Christian Poulsen
22%
2005/2006 MF Christian Poulsen
22%
2013/2014 DF Felipe Santana
22%
1988/1989 MF Ingo Anderbrügge
22%
1989/1990 MF Ingo Anderbrügge
22%
1990/1991 MF Ingo Anderbrügge
22%
1991/1992 MF Ingo Anderbrügge
22%
1992/1993 MF Ingo Anderbrügge
22%
1993/1994 MF Ingo Anderbrügge
22%
1994/1995 MF Ingo Anderbrügge
22%
1995/1996 MF Ingo Anderbrügge
22%
2019/2020 MF Omar Mascarell
22%
2020/2021 (1) MF Omar Mascarell
22%
2020/2021 (2) MF Omar Mascarell
22%
2017/2018 MF Yevgen Konoplyanka
22%
2011/2012 DF Kyriak. Papadopoulos
20%
2020/2021 (2) DF Shkodran Mustafi
20%
2019/2020 ST Benito Raman
19%
2020/2021 (1) ST Benito Raman
19%
2007/2008 DF Heiko Westermann
19%
2008/2009 DF Heiko Westermann
19%
2009/2010 DF Heiko Westermann
19%
2015/2016 MF Johannes Geis
19%
2004/2005 MF Lincoln
19%
2005/2006 MF Lincoln
19%
2006/2007 MF Lincoln
19%
2021/2022 MF Victor Pálsson
19%
2004/2005 ST Ailton
17%
2005/2006 MF Fabian Ernst
17%
2007/2008 MF Fabian Ernst
17%
2021/2022 MF Florian Flick
17%
2022/2023 MF Florian Flick
17%
2003/2004 MF Levan Kobiashvili
17%
2004/2005 MF Levan Kobiashvili
17%
2005/2006 MF Levan Kobiashvili
17%
2006/2007 MF Levan Kobiashvili
17%
2008/2009 MF Levan Kobiashvili
17%
2011/2012 MF Lewis Holtby
17%
2012/2013 MF Lewis Holtby
17%
2009/2010 DF Lukas Schmitz
17%
2010/2011 MF Lukas Schmitz
17%
2019/2020 DF Ozan Kabak
17%
2020/2021 (1) DF Ozan Kabak
17%
1993/1994 ST Youri Mulder
17%
1994/1995 ST Youri Mulder
17%
1995/1996 ST Youri Mulder
17%
1996/1997 ST Youri Mulder
17%
1998/1999 ST Youri Mulder
17%
2014/2015 MF Dennis Aogo
16%
2015/2016 DF Dennis Aogo
16%
2009/2010 MF Peer Kluge
16%
2004/2005 DF Mladen Krstajić
16%
2005/2006 DF Mladen Krstajić
16%
2006/2007 DF Mladen Krstajić
16%
2007/2008 DF Mladen Krstajić
16%
2010/2011 MF Peer Kluge
16%
1992/1993 DF Thomas Linke
16%
1993/1994 DF Thomas Linke
16%
1994/1995 DF Thomas Linke
16%
1995/1996 DF Thomas Linke
16%
1996/1997 DF Thomas Linke
16%
2020/2021 (2) DF Timo Becker
16%
2004/2005 DF Christian Pander
14%
1997/1998 DF Marco van Hoogdalem
14%
1998/1999 DF Marco van Hoogdalem
14%
2000/2001 DF Marco van Hoogdalem
14%
2001/2002 DF Marco van Hoogdalem
14%
2002/2003 DF Marco van Hoogdalem
14%
2009/2010 MF Christoph Moritz
13%
1993/1994 MF Jiří Němec
13%
1994/1995 MF Jiří Němec
13%
1995/1996 MF Jiří Němec
13%
1996/1997 MF Jiří Němec
13%
1997/1998 MF Jiří Němec
13%
1998/1999 MF Jiří Němec
13%
1999/2000 MF Jiří Němec
13%
2000/2001 MF Jiří Němec
13%
1978/1979 MF Lennart Larsson
13%
2000/2001 DF Tomasz Hajto
13%
2001/2002 DF Tomasz Hajto
13%
2002/2003 DF Tomasz Hajto
13%
2003/2004 DF Tomasz Hajto
13%
1977/1978 ST Erwin Kremers
12%
1978/1979 ST Rüdiger Abramczik
12%
1979/1980 ST Rüdiger Abramczik
12%
1974/1975 ST Erwin Kremers
12%
1975/1976 ST Erwin Kremers
12%
1976/1977 ST Erwin Kremers
12%
2002/2003 MF Gustavo Varela
12%
1974/1975 DF Helmut Kremers
12%
1975/1976 DF Helmut Kremers
12%
1976/1977 DF Helmut Kremers
12%
1977/1978 DF Helmut Kremers
12%
1998/1999 DF Nico van Kerckhoven
12%
1999/2000 DF Nico van Kerckhoven
12%
2000/2001 DF Nico van Kerckhoven
12%
2001/2002 DF Nico van Kerckhoven
12%
2003/2004 DF Nico van Kerckhoven
12%
1994/1995 MF Radoslav Látal
12%
1995/1996 MF Radoslav Látal
12%
1996/1997 MF Radoslav Látal
12%
1997/1998 MF Radoslav Látal
12%
1974/1975 ST Rüdiger Abramczik
12%
1975/1976 ST Rüdiger Abramczik
12%
1976/1977 ST Rüdiger Abramczik
12%
1977/1978 ST Rüdiger Abramczik
12%
1999/2000 DF Tomasz Wałdoch
12%
2000/2001 DF Tomasz Wałdoch
12%
2001/2002 DF Tomasz Wałdoch
12%
2003/2004 DF Tomasz Wałdoch
12%
1981/1982 ST Volker Abramczik
12%
1991/1992 DF Yves Eigenrauch
12%
1992/1993 DF Yves Eigenrauch
12%
1993/1994 DF Yves Eigenrauch
12%
1994/1995 DF Yves Eigenrauch
12%
1995/1996 DF Yves Eigenrauch
12%
1996/1997 DF Yves Eigenrauch
12%
1997/1998 DF Yves Eigenrauch
12%
1998/1999 DF Yves Eigenrauch
12%
1999/2000 DF Yves Eigenrauch
12%
2006/2007 MF Zlatan Bajramović
12%
2005/2006 ST Søren Larsen
10%
1996/1997 DF Johan de Kock
10%
1997/1998 DF Johan de Kock
10%
1998/1999 DF Johan de Kock
10%
2006/2007 MF Peter Løvenkrands
10%
1978/1979 MF Friedrich Wagner
9%
1976/1977 DF Rolf Rüssmann
9%
2019/2020 DF Jonjoe Kenny
9%
1974/1975 DF Rolf Rüssmann
9%
1975/1976 DF Rolf Rüssmann
9%
1977/1978 DF Rolf Rüssmann
9%
1978/1979 DF Rolf Rüssmann
9%
1979/1980 DF Rolf Rüssmann
9%
1980/1981 DF Rolf Rüssmann
9%
1999/2000 MF Niels Oude Kamphuis
7%
2001/2002 MF Niels Oude Kamphuis
7%
2002/2003 DF Niels Oude Kamphuis
7%
2004/2005 DF Niels Oude Kamphuis
7%
1982/1983 ST Jochen Abel
6%
1983/1984 ST Jochen Abel
6%
1995/1996 DF Marco Kurz
6%
1978/1979 DF Thomas Kruse
6%
1979/1980 DF Thomas Kruse
6%
1981/1982 DF Thomas Kruse
6%
1982/1983 DF Thomas Kruse
6%
1983/1984 DF Thomas Kruse
6%
1984/1985 DF Thomas Kruse
6%
1985/1986 DF Thomas Kruse
6%
1986/1987 DF Thomas Kruse
6%
1987/1988 DF Thomas Kruse
6%
2022/2023 DF Sepp van den Berg
4%
2002/2003 MF Sven Vermant
4%
2003/2004 MF Sven Vermant
4%
1982/1983 DF Bernard Dietz
3%
1983/1984 DF Bernard Dietz
3%
1984/1985 DF Bernard Dietz
3%
1985/1986 DF Bernard Dietz
3%
1991/1992 DF Hendrik Herzog
3%
1994/1995 DF Hendrik Herzog
3%
1997/1998 ST Michaël Goossens
3%
1980/1981 MF Michael Opitz
3%
1981/1982 MF Michael Opitz
3%
1982/1983 MF Michael Opitz
3%
1983/1984 MF Michael Opitz
3%
1985/1986 MF Michael Opitz
3%
1986/1987 MF Michael Opitz
3%
1992/1993 ST Radmilo Mihajlović
3%
1997/1998 ST René Eijkelkamp
3%
1998/1999 ST René Eijkelkamp
3%
1991/1992 MF Steffen Freund
3%
1992/1993 MF Steffen Freund
3%
1979/1980 ST Wolfram Wuttke
3%
1980/1981 ST Wolfram Wuttke
3%
1982/1983 MF Wolfram Wuttke
3%
1991/1992 ST Bent Christensen
1%
1992/1993 ST Bent Christensen
1%
1975/1976 MF Branko Oblak
1%
1976/1977 MF Branko Oblak
1%
1985/1986 DF Dietmar Roth
1%
1986/1987 DF Dietmar Roth
1%
1999/2000 MF Sven Kmetsch
1%
1974/1975 MF Hans Bongartz
1%
1975/1976 MF Hans Bongartz
1%
1976/1977 MF Hans Bongartz
1%
1977/1978 MF Hans Bongartz
1%
1986/1987 ST Jürgen Wegmann
1%
1980/1981 MF Kurt Jara
1%
1989/1990 ST Peter Sendscheid
1%
1990/1991 ST Peter Sendscheid
1%
1991/1992 ST Peter Sendscheid
1%
1977/1978 MF Uli Bittcher
1%
1978/1979 MF Uli Bittcher
1%
1979/1980 MF Uli Bittcher
1%
1980/1981 MF Uli Bittcher
1%
1981/1982 MF Uli Bittcher
1%
1982/1983 MF Uli Bittcher
1%
1989/1990 ST Aleksandr Borodyuk
0%
1990/1991 ST Aleksandr Borodyuk
0%
1991/1992 ST Aleksandr Borodyuk
0%
1992/1993 ST Aleksandr Borodyuk
0%
1983/1984 MF Bernd Dierßen
0%
1984/1985 MF Bernd Dierßen
0%
1985/1986 MF Bernd Dierßen
0%
1986/1987 MF Bernd Dierßen
0%
1974/1975 DF Bernd Thiele
0%
1977/1978 DF Bernd Thiele
0%
1979/1980 DF Bernd Thiele
0%
1980/1981 DF Bernd Thiele
0%
1981/1982 MF Bernd Thiele
0%
1987/1988 MF Bjarne Goldbæk
0%
1988/1989 MF Bjarne Goldbæk
0%
1989/1990 MF Bjarne Goldbæk
0%
1984/1985 MF Caspar Memering
0%
1987/1988 MF Claus-Dieter Wollitz
0%
1993/1994 ST Dieter Eckstein
0%
1989/1990 DF Dietmar Schacht
0%
1990/1991 DF Dietmar Schacht
0%
1984/1985 ST Diet. Schatzschneider
0%
1994/1995 MF Uwe Scherr
0%
1990/1991 MF Egon Flad
0%
1991/1992 MF Egon Flad
0%
1985/1986 MF Frank Hartmann
0%
1984/1985 DF Gerhard Kleppinger
0%
1985/1986 DF Gerhard Kleppinger
0%
1986/1987 DF Gerhard Kleppinger
0%
1990/1991 DF Günter Güttler
0%
1991/1992 DF Günter Güttler
0%
1992/1993 DF Günter Güttler
0%
1989/1990 MF Günter Schlipper
0%
1990/1991 MF Günter Schlipper
0%
1974/1975 MF Herbert Lütkebohmert
0%
1975/1976 MF Herbert Lütkebohmert
0%
1976/1977 MF Herbert Lütkebohmert
0%
1977/1978 MF Herbert Lütkebohmert
0%
1978/1979 MF Herbert Lütkebohmert
0%
1981/1982 ST İlyas Tüfekçi
0%
1982/1983 ST İlyas Tüfekçi
0%
1988/1989 MF Jürgen Luginger
0%
1989/1990 MF Jürgen Luginger
0%
1990/1991 MF Jürgen Luginger
0%
1991/1992 MF Jürgen Luginger
0%
1993/1994 MF Jürgen Luginger
0%
1975/1976 DF Jürgen Sobieray
0%
1976/1977 DF Jürgen Sobieray
0%
1974/1975 MF Klaus Scheer
0%
1983/1984 ST Klaus Täuber
0%
1984/1985 ST Klaus Täuber
0%
1985/1986 ST Klaus Täuber
0%
1986/1987 ST Klaus Täuber
0%
1978/1979 DF Mathias Schipper
0%
1982/1983 DF Mathias Schipper
0%
1983/1984 DF Mathias Schipper
0%
1984/1985 DF Mathias Schipper
0%
1985/1986 DF Mathias Schipper
0%
1987/1988 DF Mathias Schipper
0%
1989/1990 DF Matthias Herget
0%
1983/1984 DF Michael Jakobs
0%
1984/1985 DF Michael Jakobs
0%
1986/1987 DF Michael Jakobs
0%
1987/1988 DF Michael Jakobs
0%
1987/1988 DF Michael Klinkert
0%
1988/1989 DF Michael Klinkert
0%
1988/1989 DF Michael Prus
0%
1989/1990 DF Michael Prus
0%
1990/1991 DF Michael Prus
0%
1993/1994 DF Michael Prus
0%
1988/1989 DF Michael Wollitz
0%
1981/1982 ST Norbert Janzon
0%
1981/1982 DF Peter Stichler
0%
1988/1989 MF Rachid Belarbi
0%
1987/1988 ST Reiner Edelmann
0%
1988/1989 ST Reiner Edelmann
0%
1988/1989 ST Uwe Wassmer
0%
1979/1980 DF Vilson Džoni
0%
1980/1981 DF Vilson Džoni
0%
1989/1990 ST Volodymyr Lyutyi
0%
1990/1991 ST Volodymyr Lyutyi
0%
1986/1987 DF Wilfried Hannes
0%
1987/1988 DF Wilfried Hannes
0%
1980/1981 DF Winfried Geier
0%
1981/1982 DF Winfried Geier
0%
1982/1983 MF Winfried Geier
0%
1987/1988 MF Wolfgang Patzke
0%
No matching quizzes found
Score Distribution
Percent of People with Each Score
Percentile by Number Answered
Your Score History
You have not taken this quiz since the last reset